[Event "IECC P email"]
[Site "IECC email"]
[Date "2000.10.23"]
[Round "?"]
[White "Rodriguez, Pancho"]
[Black "Che Ahmed, Che Hassan"]
[Result "0-1"]
[WhiteElo "1569"]
[BlackElo "1636"]
[PlyCount "36"]
[EventDate "2000.??.??"]
[EventType "tourn (corr)"]
[EventRounds "6"]
[SourceTitle "Corr 2008"]
[Source "ChessBase"]
[SourceDate "2008.06.24"]
[SourceVersion "1"]
[SourceVersionDate "2008.06.24"]
[SourceQuality "1"]

1. d4 Nf6 2. Nc3 e6 3. a3 d5 4. Bg5 Nbd7 5. Bxf6 Nxf6 6. f3 c5 7. e4 a6 8. e5 Nd7 9. b4 Qh4+ 10. g3 Qxd4 11. Nce2 Qxe5 12. f4 Qe4 13. Nf3 Qxf3 14. Rg1 cxb4 15. Nd4 Qc3+ 16. Kf2 Bc5 17. Rg2 Bxd4+ 18. Ke2 Qe3# 0-1